000 00544nam a2200217Ia 4500
003 OSt
005 20220924133110.0
006 a|||||r|||| 00| 0
007 ta
008 220923b |||||||| |||| 00| 0 tam d
024 _a257251
037 _cTextual
040 _aARTS
_cARTS
_btam
041 _2tam
_atam
082 _aP111,9, 31J5
100 _aShammuga Sundharam
_9205633
245 0 _aAnmolh angila bodhini
260 _c1955
942 _hP111,9, 31J5
_cTEXL
_2CC
999 _c432593
_d432593